Welcome to WEB OPAC of MRSPTU Central Library

Labview graphical programming (Record no. 6239)

MARC details
000 -LEADER
fixed length control field 00478nam a2200181Ia 4500
008 - FIXED-LENGTH DATA ELEMENTS--GENERAL INFORMATION
fixed length control field 230711s9999||||xx |||||||||||||| ||und||
020 ## - INTERNATIONAL STANDARD BOOK NUMBER
International Standard Book Number 978-1-25-900533-6
041 ## - LANGUAGE CODE
Language code of text/sound track or separate title ENG
082 ## - DEWEY DECIMAL CLASSIFICATION NUMBER
Classification number 5.1
Item number JO-L
100 ## - MAIN ENTRY--PERSONAL NAME
Personal name Johnson,Gary W
245 #0 - TITLE STATEMENT
Title Labview graphical programming
250 ## - EDITION STATEMENT
Edition statement 4th Ed.
260 ## - PUBLICATION, DISTRIBUTION, ETC.
Date of publication, distribution, etc. 2017
Place of publication, distribution, etc. New Delhi
Name of publisher, distributor, etc. McGraw Hill Education(India) Private Limited
300 ## - PHYSICAL DESCRIPTION
Extent 608p.
650 ## - SUBJECT ADDED ENTRY--TOPICAL TERM
Topical term or geographic name entry element Electrical Engineering
700 ## - ADDED ENTRY--PERSONAL NAME
Personal name Jennings,Richard
942 ## - ADDED ENTRY ELEMENTS (KOHA)
Koha item type Book
Holdings
Withdrawn status Lost status Damaged status Not for loan Collection Home library Current library Date acquired Cost, normal purchase price Inventory number Total checkouts Full call number Barcode Date last seen Price effective from Koha item type
          MRSPTU Central Library MRSPTU Central Library   850.00 KBD/2016-2017/961042808   5.1 JO-L 35155 08/17/2023 08/17/2023 Book
          MRSPTU Central Library MRSPTU Central Library   850.00 KBD/2016-2017/961042808   5.1 JO-L 35156 08/17/2023 08/17/2023 Book
          MRSPTU Central Library MRSPTU Central Library   850.00 KBD/2016-2017/961042808   5.1 JO-L 35157 08/17/2023 08/17/2023 Book
          MRSPTU Central Library MRSPTU Central Library   850.00 KBD/2016-2017/961042808   5.1 JO-L 35158 08/17/2023 08/17/2023 Book
          MRSPTU Central Library MRSPTU Central Library   850.00 KBD/2016-2017/961042808   5.1 JO-L 35159 08/17/2023 08/17/2023 Book

Website Designed and Developed by MRSPTU Central Library Team

E-mail Id: librarian@mrsptu.ac.in